| 000 | 00761cab a2200265 4500 | ||
|---|---|---|---|
| 001 | ABS59649 | ||
| 008 | 090401t1998 xxu||||| |||| 00| 0 eng d | ||
| 035 | _a(Sirsi) u89716 | ||
| 041 | _aeng | ||
| 100 | _aDawson, R. | ||
| 245 | 4 | _aThe risks of building in the flood plain | |
| 260 | _c1998 | ||
| 350 | _a0 | ||
| 490 |
_aProperty Week _v63(29) 13 November 1998, 39(1) |
||
| 520 | _aDiscusses development in the flood plain; the powers of the Environment Agency and policies of local planning authorities. | ||
| 650 | _aCAR PARKING | ||
| 650 | _aENVIRONMENT AGENCY | ||
| 650 | _aFLOOD LEVELS | ||
| 650 | _aFLOOD PLAINS | ||
| 650 | _aLPAS | ||
| 650 | _aRUN-OFF | ||
| 690 | _aPROPERTY-PROPERTY DEVELOPMENT | ||
| 942 | _n0 | ||
| 948 | _c17/11/1998 | ||
| 999 |
_c56779 _d56779 |
||